Most Mentioned Gryffindors Quiz Stats

 Plays Quiz Updated Oct 24, 2014

Score 0/29 Timer 05:00
15 Plays Today
Rank (Mentions) Character % Correct
1 (18,956)Harry Potter
99.8%
2 (6,464)Ron Weasley
99.4%
3 (5,486)Hermione Granger
98.7%
10 (920)Fred Weasley
95.5%
12 (821)George Weasley
95.4%
15 (771)Ginny Weasley
94%
26 (426)Percy Weasley
90.6%
4 (2,421)Albus Dumbledore
90.2%
48 (190)James Potter
90%
13 (810)Neville Longbottom
88%
31 (302)Bill Weasley
87.2%
64 (127)Lily Potter
87.2%
17 (722)Molly Weasley
85.5%
72 (110)Charlie Weasley
85.4%
14 (780)Arthur Weasley
84.5%
Rank (Mentions) Character % Correct
8 (1,471)Sirius Black
83.4%
16 (770)Minerva McGonagall
83%
50 (179)Seamus Finnigan
80.7%
11 (864)Remus Lupin
78%
45 (212)Dean Thomas
77.1%
22 (486)Peter Pettigrew
67.2%
63 (133)Parvati Patil
66.3%
46 (208)Oliver Wood
65%
58 (141)Lavender Brown
63.3%
70 (116)Katie Bell
59.1%
62 (135)Angelina Johnson
58.4%
84 (77)Colin Creevey
56.7%
73 (109)Lee Jordan
43.9%
89 (73)Cormac McLaggen
30.2%

You're not logged in!

Compare scores with friends on all Sporcle quizzes.
OR
Log In

Show Comments

Extras

Top Quizzes Today


Score Distribution

Your Account Isn't Verified!

In order to create a playlist on Sporcle, you need to verify the email address you used during registration. Go to your Sporcle Settings to finish the process.

Report this User

Report this user for behavior that violates our Community Guidelines.

Details: